BSOP header

Boletin eclesiastico de filipinas / (Record no. 45773)

MARC details
000 -LEADER
fixed length control field 00434nai a22001217a 4500
003 - CONTROL NUMBER IDENTIFIER
control field OSt
008 - FIXED-LENGTH DATA ELEMENTS--GENERAL INFORMATION
fixed length control field 190306b ||||| |||| 00| 0 eng d
245 ## - TITLE STATEMENT
Title Boletin eclesiastico de filipinas /
Statement of responsibility, etc Efren Rivera, O.P., ed.
260 ## - PUBLICATION, DISTRIBUTION, ETC. (IMPRINT)
Place of publication, distribution, etc Manila, Philippines :
Name of publisher, distributor, etc University of Santo Tomas ;
Date of publication, distribution, etc c1983.
300 ## - PHYSICAL DESCRIPTION
Extent multi volume :
Dimensions 23cm.
500 ## - GENERAL NOTE
General note Vol.LII Nos.581-582 April-May, 1978<br/>Vol.LIX Nos.646-647 September-October 1983
942 ## - ADDED ENTRY ELEMENTS (KOHA)
Source of classification or shelving scheme Library of Congress Classification
Item type Continuing Resources
Holdings
Withdrawn status Lost status Source of classification or shelving scheme Damaged status Not for loan Home library Current library Date acquired Serial Enumeration / chronology Total Checkouts Barcode Date last seen Price effective from Koha item type
    Library of Congress Classification     BSOP Library BSOP Library 03/06/2019 Vol.LII Nos.581-582 April-May 1978 Vol.LIX Nos.646-647 September-October 1983   00022940 03/06/2019 03/06/2019 Continuing Resources
BSOP

Biblical Seminary of the Philippines
  All rights Reserved
  © 2024

CONTACT INFORMATION

Biblical Seminary of the Philippines,
  77-B Karuhatan Road, Valenzuela City,
  PHILIPPINES 1441
  Phone: +632 8292-6795 / 8292-6798
  Fax : +632 8292-6675
  Email: library@bsop.edu.ph